[Event "DEM U10 2024"]
[Site "Willingen GER"]
[Date "2024.05.22"]
[Round "7"]
[White "Dombert, Johannes"]
[Black "Alloussi, Arian"]
[Result "1/2-1/2"]
[Termination "normal"]
[Board "13"]
[WhiteElo "1270"]
[BlackElo "1697"]
[WhiteClock "01:06:38"]
[BlackClock "00:02:23"]
[PlyCount "112"]
[WhiteFideId "533001766"]
[BlackFideId "34637788"]
[EventCountry "GER"]
[EventRounds "11"]
[EventType "swiss"]
[EventDate "2024.05.18"]

1. e4 {[%clk 01:15:56]} {[%emt 00:00:03]} e5 {[%clk 01:15:54]} {[%emt
00:00:06]} 2. Nf3 {[%clk 01:16:18]} {[%emt 00:00:08]} Nc6 {[%clk 01:16:12]}
{[%emt 00:00:12]} 3. Bc4 {[%clk 01:16:38]} {[%emt 00:00:09]} Bc5 {[%clk
01:16:21]} {[%emt 00:00:22]} 4. O-O {[%clk 01:16:58]} {[%emt 00:00:10]} Nf6
{[%clk 01:12:45]} {[%emt 00:04:06]} 5. d4 {[%clk 01:17:20]} {[%emt 00:00:08]}
Bxd4 {[%clk 01:09:34]} {[%emt 00:03:41]} 6. Nxd4 {[%clk 01:17:38]} {[%emt
00:00:12]} Nxd4 {[%clk 01:09:45]} {[%emt 00:00:20]} 7. Bg5 {[%clk 01:17:57]}
{[%emt 00:00:09]} d6 {[%clk 01:05:58]} {[%emt 00:04:17]} 8. f4 {[%clk
01:18:19]} {[%emt 00:00:08]} Be6 {[%clk 00:41:19]} {[%emt 00:25:10]} 9. Na3
{[%clk 01:18:42]} {[%emt 00:00:07]} Bd7 {[%clk 00:19:55]} {[%emt 00:21:54]} 10.
Bxf6 {[%clk 01:17:02]} {[%emt 00:02:10]} gxf6 {[%clk 00:19:13]} {[%emt
00:01:11]} 11. f5 {[%clk 01:14:09]} {[%emt 00:03:24]} Qe7 {[%clk 00:17:51]}
{[%emt 00:01:52]} 12. c3 {[%clk 01:13:19]} {[%emt 00:01:20]} Nc6 {[%clk
00:15:49]} {[%emt 00:02:33]} 13. Nc2 {[%clk 01:12:56]} {[%emt 00:00:52]} O-O-O
{[%clk 00:08:37]} {[%emt 00:07:42]} 14. Ne3 {[%clk 01:11:20]} {[%emt 00:02:06]}
Qf8 {[%clk 00:08:20]} {[%emt 00:00:47]} 15. b4 {[%clk 01:10:41]} {[%emt
00:01:09]} Ne7 {[%clk 00:06:51]} {[%emt 00:02:00]} 16. a4 {[%clk 01:10:14]}
{[%emt 00:00:56]} Qg7 {[%clk 00:05:57]} {[%emt 00:01:24]} 17. Qg4 {[%clk
01:09:34]} {[%emt 00:01:09]} Rhg8 {[%clk 00:04:52]} {[%emt 00:01:36]} 18. h3
{[%clk 01:09:27]} {[%emt 00:00:37]} Rdf8 {[%clk 00:05:11]} {[%emt 00:00:11]}
19. Qxg7 {[%clk 01:09:07]} {[%emt 00:00:49]} Rxg7 {[%clk 00:05:35]} {[%emt
00:00:07]} 20. Ng4 {[%clk 01:09:25]} {[%emt 00:00:10]} Ng8 {[%clk 00:05:22]}
{[%emt 00:00:45]} 21. a5 {[%clk 01:09:05]} {[%emt 00:00:50]} h5 {[%clk
00:05:29]} {[%emt 00:00:22]} 22. Ne3 {[%clk 01:09:20]} {[%emt 00:00:14]} Ne7
{[%clk 00:05:17]} {[%emt 00:00:44]} 23. b5 {[%clk 01:08:07]} {[%emt 00:01:43]}
Rg3 {[%clk 00:05:14]} {[%emt 00:00:32]} 24. Kf2 {[%clk 01:07:40]} {[%emt
00:00:56]} Rg5 {[%clk 00:05:18]} {[%emt 00:00:28]} 25. Rfb1 {[%clk 01:07:18]}
{[%emt 00:00:51]} c6 {[%clk 00:04:34]} {[%emt 00:01:15]} 26. b6 {[%clk
01:07:22]} {[%emt 00:00:26]} a6 {[%clk 00:04:53]} {[%emt 00:00:11]} 27. Rf1
{[%clk 01:06:54]} {[%emt 00:00:58]} d5 {[%clk 00:03:22]} {[%emt 00:02:01]} 28.
exd5 {[%clk 01:06:26]} {[%emt 00:00:58]} cxd5 {[%clk 00:03:45]} {[%emt
00:00:08]} 29. Nxd5 {[%clk 01:06:39]} {[%emt 00:00:16]} Nxd5 {[%clk 00:03:59]}
{[%emt 00:00:16]} 30. Bxd5 {[%clk 01:07:02]} {[%emt 00:00:07]} Rxf5+ {[%clk
00:04:18]} {[%emt 00:00:11]} 31. Ke3 {[%clk 01:07:12]} {[%emt 00:00:18]} Rxf1
{[%clk 00:04:24]} {[%emt 00:00:26]} 32. Rxf1 {[%clk 01:07:34]} {[%emt
00:00:09]} f5 {[%clk 00:04:48]} {[%emt 00:00:05]} 33. Rf2 {[%clk 01:06:26]}
{[%emt 00:01:37]} f6 {[%clk 00:04:18]} {[%emt 00:01:01]} 34. Rd2 {[%clk
01:06:30]} {[%emt 00:00:24]} h4 {[%clk 00:03:32]} {[%emt 00:01:18]} 35. Bxb7+
{[%clk 01:06:47]} {[%emt 00:00:13]} Kxb7 {[%clk 00:03:54]} {[%emt 00:00:07]}
36. Rxd7+ {[%clk 01:07:09]} {[%emt 00:00:09]} Kc6 {[%clk 00:04:12]} {[%emt
00:00:12]} 37. Ra7 {[%clk 01:06:59]} {[%emt 00:00:39]} Kb5 {[%clk 00:04:23]}
{[%emt 00:00:19]} 38. c4+ {[%clk 01:06:33]} {[%emt 00:00:57]} Kxa5 {[%clk
00:03:03]} {[%emt 00:01:50]} 39. c5 {[%clk 01:05:58]} {[%emt 00:01:05]} Kb5
{[%clk 00:02:53]} {[%emt 00:00:40]} 40. Rc7 {[%clk 01:06:08]} {[%emt 00:00:19]}
a5 {[%clk 00:00:50]} {[%emt 00:02:34]} 41. b7 {[%clk 01:05:58]} {[%emt
00:00:40]} Rb8 {[%clk 00:01:16]} {[%emt 00:00:04]} 42. c6 {[%clk 01:06:17]}
{[%emt 00:00:11]} Kb6 {[%clk 00:01:42]} {[%emt 00:00:05]} 43. Rc8 {[%clk
01:06:07]} {[%emt 00:00:39]} Ka7 {[%clk 00:02:03]} {[%emt 00:00:08]} 44. c7
{[%clk 01:04:46]} {[%emt 00:01:52]} Rxb7 {[%clk 00:02:26]} {[%emt 00:00:07]}
45. Ra8+ {[%clk 01:05:00]} {[%emt 00:00:16]} Kxa8 {[%clk 00:02:46]} {[%emt
00:00:10]} 46. c8=Q+ {[%clk 01:03:52]} {[%emt 00:01:37]} Ka7 {[%clk 00:02:55]}
{[%emt 00:00:23]} 47. Qc5+ {[%clk 01:04:02]} {[%emt 00:00:18]} Ka6 {[%clk
00:03:13]} {[%emt 00:00:13]} 48. Qc6+ {[%clk 01:04:12]} {[%emt 00:00:20]} Rb6
{[%clk 00:03:36]} {[%emt 00:00:07]} 49. Qa8+ {[%clk 01:04:34]} {[%emt
00:00:08]} Kb5 {[%clk 00:03:58]} {[%emt 00:00:09]} 50. Qd5+ {[%clk 01:04:57]}
{[%emt 00:00:06]} Kb4 {[%clk 00:03:25]} {[%emt 00:01:03]} 51. Qd2+ {[%clk
01:05:08]} {[%emt 00:00:18]} Kb5 {[%clk 00:02:51]} {[%emt 00:01:04]} 52. Qd3+
{[%clk 01:05:27]} {[%emt 00:00:11]} Kb4 {[%clk 00:03:02]} {[%emt 00:00:20]} 53.
Qd2+ {[%clk 01:05:49]} {[%emt 00:00:08]} Kb5 {[%clk 00:03:20]} {[%emt
00:00:10]} 54. Qd3+ {[%clk 01:06:10]} {[%emt 00:00:11]} Kb4 {[%clk 00:03:18]}
{[%emt 00:00:31]} 55. Qd2+ {[%clk 01:06:21]} {[%emt 00:00:19]} Kb5 {[%clk
00:03:21]} {[%emt 00:00:27]} 56. Qd3+ {[%clk 01:06:38]} {[%emt 00:00:11]} Kb4
{[%clk 00:02:23]} {[%emt 00:01:31]} 1/2-1/2

[Event "DEM U10 2024"]
[Site "Willingen GER"]
[Date "2024.05.22"]
[Round "7"]
[White "Grimm, Jakob"]
[Black "Schmidt, Alexander Nadvid"]
[Result "1-0"]
[Termination "normal"]
[Board "14"]
[WhiteElo "1681"]
[BlackElo "1679"]
[WhiteClock "00:48:30"]
[BlackClock "01:12:17"]
[PlyCount "45"]
[WhiteFideId "34635645"]
[BlackFideId "34661360"]
[EventCountry "GER"]
[EventRounds "11"]
[EventType "swiss"]
[EventDate "2024.05.18"]

1. e4 {[%clk 01:16:00]} e5 {[%clk 01:15:43]} {[%emt 00:00:17]} 2. Nf3 {[%clk
01:16:26]} {[%emt 00:00:04]} Nf6 {[%clk 01:14:48]} {[%emt 00:01:24]} 3. Nxe5
{[%clk 01:16:51]} {[%emt 00:00:06]} d6 {[%clk 01:15:09]} {[%emt 00:00:08]} 4.
Nf3 {[%clk 01:17:19]} {[%emt 00:00:03]} Nxe4 {[%clk 01:15:20]} {[%emt
00:00:18]} 5. Nc3 {[%clk 01:17:44]} {[%emt 00:00:05]} Nxc3 {[%clk 01:15:04]}
{[%emt 00:00:46]} 6. dxc3 {[%clk 01:18:09]} {[%emt 00:00:06]} d5 {[%clk
01:15:14]} {[%emt 00:00:20]} 7. Be3 {[%clk 01:18:21]} {[%emt 00:00:18]} Bg4
{[%clk 01:15:32]} {[%emt 00:00:11]} 8. Bd3 {[%clk 01:18:37]} {[%emt 00:00:15]}
c5 {[%clk 01:15:34]} {[%emt 00:00:29]} 9. Qd2 {[%clk 01:17:41]} {[%emt
00:01:24]} Bxf3 {[%clk 01:15:30]} {[%emt 00:00:35]} 10. gxf3 {[%clk 01:18:04]}
{[%emt 00:00:06]} Bd6 {[%clk 01:15:47]} {[%emt 00:00:13]} 11. Bb5+ {[%clk
01:18:01]} {[%emt 00:00:34]} Nc6 {[%clk 01:15:59]} {[%emt 00:00:17]} 12. Qxd5
{[%clk 01:18:04]} {[%emt 00:00:28]} Rc8 {[%clk 01:15:30]} {[%emt 00:00:57]} 13.
Bxc5 {[%clk 01:18:05]} {[%emt 00:00:31]} Bxc5 {[%clk 01:14:47]} {[%emt
00:01:13]} 14. Qxc5 {[%clk 01:17:58]} {[%emt 00:00:36]} a6 {[%clk 01:15:03]}
{[%emt 00:00:14]} 15. Qe3+ {[%clk 01:17:48]} {[%emt 00:00:40]} Kf8 {[%clk
01:15:13]} {[%emt 00:00:19]} 16. Bxc6 {[%clk 01:17:33]} {[%emt 00:00:47]} Rxc6
{[%clk 01:15:36]} {[%emt 00:00:07]} 17. Rd1 {[%clk 01:02:08]} {[%emt 00:15:54]}
Qf6 {[%clk 01:14:59]} {[%emt 00:01:05]} 18. Kd2 {[%clk 00:55:00]} {[%emt
00:07:40]} Re6 {[%clk 01:13:30]} {[%emt 00:01:59]} 19. Qc5+ {[%clk 00:54:43]}
{[%emt 00:00:48]} Ke8 {[%clk 01:12:32]} {[%emt 00:01:24]} 20. Kc1 {[%clk
00:48:30]} {[%emt 00:06:46]} Rc6 {[%clk 01:11:47]} {[%emt 00:01:14]} 21. Rhe1+
{[%clk 00:48:35]} {[%emt 00:00:26]} Re6 {[%clk 01:11:59]} {[%emt 00:00:17]} 22.
Qc8+ {[%clk 00:48:28]} {[%emt 00:00:38]} Qd8 {[%clk 01:12:17]} {[%emt
00:00:12]} 23. Qxd8# {[%clk 00:48:30]} {[%emt 00:00:27]} 1-0

[Event "DEM U10 2024"]
[Site "Willingen GER"]
[Date "2024.05.22"]
[Round "7"]
[White "Kjulbassanoff, Kilian"]
[Black "Wittenberger, Henri"]
[Result "1-0"]
[Termination "normal"]
[Board "16"]
[WhiteElo "1411"]
[BlackElo "1210"]
[WhiteClock "00:27:50"]
[BlackClock "00:56:06"]
[PlyCount "85"]
[WhiteFideId "533001804"]
[BlackFideId "34691510"]
[EventCountry "GER"]
[EventRounds "11"]
[EventType "swiss"]
[EventDate "2024.05.18"]

1. d4 {[%clk 01:15:59]} {[%emt 00:00:01]} d5 {[%clk 01:15:54]} {[%emt
00:00:06]} 2. c4 {[%clk 01:16:23]} {[%emt 00:00:07]} dxc4 {[%clk 01:16:15]}
{[%emt 00:00:08]} 3. Nc3 {[%clk 01:16:48]} {[%emt 00:00:05]} Nf6 {[%clk
01:16:27]} {[%emt 00:00:18]} 4. e4 {[%clk 01:16:57]} {[%emt 00:00:21]} e5
{[%clk 01:16:38]} {[%emt 00:00:20]} 5. d5 {[%clk 01:16:18]} {[%emt 00:01:09]}
c6 {[%clk 01:16:48]} {[%emt 00:00:20]} 6. dxc6 {[%clk 01:14:39]} {[%emt
00:02:08]} Qxd1+ {[%clk 01:17:12]} {[%emt 00:00:05]} 7. Kxd1 {[%clk 01:15:03]}
{[%emt 00:00:07]} Nxc6 {[%clk 01:17:28]} {[%emt 00:00:14]} 8. Bxc4 {[%emt
00:01:05]} Bd7 {[%clk 01:16:52]} {[%emt 00:01:05]} 9. f3 {[%clk 01:12:35]}
{[%emt 00:02:24]} O-O-O {[%clk 01:17:09]} {[%emt 00:00:14]} 10. Ke1 {[%clk
01:10:15]} {[%emt 00:02:50]} Nb4 {[%clk 01:16:34]} {[%emt 00:01:02]} 11. Rb1
{[%clk 01:07:57]} {[%emt 00:02:51]} Nc2+ {[%clk 01:16:54]} {[%emt 00:00:09]}
12. Kf1 {[%clk 01:07:48]} {[%emt 00:00:39]} Bc6 {[%clk 01:15:07]} {[%emt
00:02:17]} 13. Nge2 {[%clk 01:05:23]} {[%emt 00:02:55]} Bc5 {[%clk 01:13:41]}
{[%emt 00:01:44]} 14. Ng3 {[%clk 01:02:04]} {[%emt 00:04:01]} Be3 {[%clk
01:13:22]} {[%emt 00:00:47]} 15. Bb3 {[%clk 01:00:44]} {[%emt 00:01:53]} Bxc1
{[%clk 01:13:16]} {[%emt 00:00:35]} 16. Rxc1 {[%clk 01:00:47]} {[%emt
00:00:27]} Nd4 {[%clk 01:12:03]} {[%emt 00:01:43]} 17. Ba4 {[%clk 00:56:49]}
{[%emt 00:04:28]} Kb8 {[%clk 01:08:59]} {[%emt 00:03:34]} 18. Bxc6 {[%clk
00:55:50]} {[%emt 00:01:30]} Nxc6 {[%clk 01:09:17]} {[%emt 00:00:11]} 19. Ke2
{[%clk 00:49:54]} {[%emt 00:06:26]} Nh5 {[%clk 01:06:46]} {[%emt 00:03:00]} 20.
Nxh5 {[%clk 00:49:40]} {[%emt 00:00:44]} Nb4 {[%clk 01:07:01]} {[%emt
00:00:14]} 21. Rhd1 {[%clk 00:49:13]} {[%emt 00:00:59]} Rc8 {[%clk 01:06:41]}
{[%emt 00:00:50]} 22. g3 {[%clk 00:41:17]} {[%emt 00:08:27]} Rhg8 {[%clk
01:03:39]} {[%emt 00:03:31]} 23. Rd7 {[%clk 00:39:55]} {[%emt 00:01:51]} Rcf8
{[%clk 01:01:21]} {[%emt 00:02:47]} 24. Nd5 {[%clk 00:37:58]} {[%emt 00:02:29]}
Nxd5 {[%clk 01:01:08]} {[%emt 00:00:43]} 25. Rxd5 {[%clk 00:34:30]} {[%emt
00:03:59]} f6 {[%clk 01:00:33]} {[%emt 00:01:05]} 26. Rd7 {[%clk 00:34:23]}
{[%emt 00:00:36]} g6 {[%clk 01:00:30]} {[%emt 00:00:33]} 27. Ng7 {[%clk
00:34:43]} {[%emt 00:00:10]} Rc8 {[%clk 01:00:09]} {[%emt 00:00:51]} 28. Rxc8+
{[%clk 00:32:12]} {[%emt 00:03:02]} Rxc8 {[%clk 01:00:31]} {[%emt 00:00:08]}
29. Kd2 {[%clk 00:32:13]} {[%emt 00:00:28]} Rc6 {[%clk 01:00:26]} {[%emt
00:00:33]} 30. Ne8 {[%clk 00:32:10]} {[%emt 00:00:35]} a6 {[%clk 00:58:13]}
{[%emt 00:02:43]} 31. Nd6 {[%clk 00:32:16]} {[%emt 00:00:24]} h5 {[%clk
00:57:52]} {[%emt 00:00:51]} 32. Rxb7+ {[%clk 00:30:59]} {[%emt 00:01:48]} Ka8
{[%clk 00:58:12]} {[%emt 00:00:10]} 33. Rd7 {[%clk 00:31:12]} {[%emt 00:00:16]}
Rb6 {[%clk 00:58:17]} {[%emt 00:00:24]} 34. b3 {[%clk 00:30:16]} {[%emt
00:01:27]} Rb4 {[%clk 00:56:40]} {[%emt 00:02:00]} 35. Nc4 {[%clk 00:29:16]}
{[%emt 00:01:37]} Rb8 {[%clk 00:55:50]} {[%emt 00:01:12]} 36. Kc3 {[%clk
00:27:45]} {[%emt 00:02:09]} Rh8 {[%clk 00:55:08]} {[%emt 00:01:11]} 37. Kb4
{[%clk 00:26:55]} {[%emt 00:01:20]} h4 {[%clk 00:55:21]} {[%emt 00:00:16]} 38.
g4 {[%clk 00:26:45]} {[%emt 00:00:41]} Rb8+ {[%clk 00:55:29]} {[%emt 00:00:21]}
39. Ka5 {[%clk 00:26:49]} {[%emt 00:00:27]} Rb5+ {[%clk 00:55:37]} {[%emt
00:00:19]} 40. Kxa6 {[%clk 00:27:11]} {[%emt 00:00:11]} Rb4 {[%clk 00:55:34]}
{[%emt 00:00:32]} 41. Nb6+ {[%clk 00:27:26]} {[%emt 00:00:16]} Rxb6+ {[%clk
00:55:45]} {[%emt 00:00:19]} 42. Kxb6 {[%clk 00:27:54]} {[%emt 00:00:02]} h3
{[%clk 00:56:06]} {[%emt 00:00:09]} 43. Rd8# {[%clk 00:27:50]} {[%emt
00:00:04]} 1-0

[Event "DEM U10 2024"]
[Site "Willingen GER"]
[Date "2024.05.22"]
[Round "7"]
[White "Weßels, Keke"]
[Black "Liu, Jonas"]
[Result "0-1"]
[Termination "normal"]
[Board "17"]
[WhiteElo "1207"]
[BlackElo "1632"]
[WhiteClock "00:29:07"]
[BlackClock "00:23:51"]
[PlyCount "76"]
[WhiteFideId "34640045"]
[BlackFideId "34660941"]
[EventCountry "GER"]
[EventRounds "11"]
[EventType "swiss"]
[EventDate "2024.05.18"]

1. d4 {[%clk 01:15:55]} {[%emt 00:00:04]} Nf6 {[%clk 01:15:41]} {[%emt
00:00:20]} 2. Nc3 {[%clk 01:16:07]} {[%emt 00:00:17]} d5 {[%clk 01:15:41]}
{[%emt 00:00:31]} 3. Bf4 {[%clk 01:16:07]} {[%emt 00:00:29]} a6 {[%clk
01:15:45]} {[%emt 00:00:27]} 4. e3 {[%clk 01:16:16]} {[%emt 00:00:20]} Bf5
{[%clk 01:15:30]} {[%emt 00:00:44]} 5. f3 {[%clk 01:16:09]} {[%emt 00:00:38]}
e6 {[%clk 01:15:48]} {[%emt 00:00:13]} 6. g4 {[%clk 01:16:13]} {[%emt
00:00:25]} Bg6 {[%clk 01:16:12]} {[%emt 00:00:07]} 7. h4 {[%clk 01:16:04]}
{[%emt 00:00:38]} h5 {[%clk 01:15:49]} {[%emt 00:00:53]} 8. g5 {[%clk
01:16:10]} {[%emt 00:00:24]} Nfd7 {[%clk 01:15:33]} {[%emt 00:00:47]} 9. Bd3
{[%clk 01:16:16]} {[%emt 00:00:24]} Bxd3 {[%clk 01:15:42]} {[%emt 00:00:21]}
10. Qxd3 {[%clk 01:16:16]} {[%emt 00:00:29]} c5 {[%clk 01:15:12]} {[%emt
00:01:01]} 11. g6 {[%clk 01:16:01]} {[%emt 00:00:45]} f6 {[%clk 01:15:23]}
{[%emt 00:00:18]} 12. Nge2 {[%clk 01:15:57]} {[%emt 00:00:33]} Nc6 {[%clk
01:15:30]} {[%emt 00:00:24]} 13. O-O-O {[%clk 01:16:02]} {[%emt 00:00:25]} Nb6
{[%clk 01:14:57]} {[%emt 00:01:02]} 14. e4 {[%clk 01:11:09]} {[%emt 00:05:24]}
Nb4 {[%clk 01:15:15]} {[%emt 00:00:12]} 15. Qe3 {[%clk 01:08:47]} {[%emt
00:02:49]} Nc4 {[%clk 01:15:42]} {[%emt 00:00:06]} 16. Qf2 {[%clk 01:08:25]}
{[%emt 00:00:50]} Qb6 {[%clk 01:16:00]} {[%emt 00:00:15]} 17. b3 {[%clk
01:07:26]} {[%emt 00:01:28]} Na3 {[%clk 01:15:34]} {[%emt 00:00:56]} 18. Na4
{[%clk 01:01:03]} {[%emt 00:06:53]} Qa5 {[%clk 01:05:12]} {[%emt 00:10:52]} 19.
Nec3 {[%clk 01:00:24]} {[%emt 00:01:09]} cxd4 {[%clk 01:04:11]} {[%emt
00:01:32]} 20. Qxd4 {[%clk 00:48:32]} {[%emt 00:12:21]} Naxc2 {[%clk 00:54:09]}
{[%emt 00:10:32]} 21. Qb6 {[%clk 00:48:07]} {[%emt 00:00:54]} Qxb6 {[%clk
00:44:57]} {[%emt 00:09:43]} 22. Nxb6 {[%clk 00:48:16]} {[%emt 00:00:20]} Rd8
{[%clk 00:45:06]} {[%emt 00:00:21]} 23. Bc7 {[%clk 00:48:16]} {[%emt 00:00:31]}
Ne3 {[%clk 00:44:56]} {[%emt 00:00:40]} 24. Rd2 {[%clk 00:46:30]} {[%emt
00:02:16]} Bc5 {[%clk 00:39:22]} {[%emt 00:06:03]} 25. Bxd8 {[%clk 00:46:04]}
{[%emt 00:00:57]} Kxd8 {[%clk 00:39:40]} {[%emt 00:00:12]} 26. Nba4 {[%clk
00:45:55]} {[%emt 00:00:40]} Ba7 {[%clk 00:39:42]} {[%emt 00:00:27]} 27. Re1
{[%clk 00:45:22]} {[%emt 00:00:55]} Rh6 {[%clk 00:39:28]} {[%emt 00:00:51]} 28.
Rg1 {[%clk 00:39:56]} {[%emt 00:05:55]} Nec2 {[%clk 00:36:47]} {[%emt
00:03:14]} 29. Rgg2 {[%clk 00:37:17]} {[%emt 00:03:02]} Be3 {[%clk 00:36:48]}
{[%emt 00:00:36]} 30. Nb1 {[%clk 00:31:29]} {[%emt 00:06:17]} Bxd2+ {[%clk
00:33:58]} {[%emt 00:03:20]} 31. Rxd2 {[%clk 00:31:29]} {[%emt 00:00:30]} Ne3
{[%clk 00:31:54]} {[%emt 00:02:35]} 32. exd5 {[%clk 00:30:57]} {[%emt
00:01:01]} Nbxd5 {[%clk 00:31:39]} {[%emt 00:00:46]} 33. Nbc3 {[%clk 00:30:23]}
{[%emt 00:01:03]} Kc7 {[%clk 00:29:43]} {[%emt 00:02:26]} 34. Nb2 {[%clk
00:29:31]} {[%emt 00:01:22]} Nxc3 {[%clk 00:30:01]} {[%emt 00:00:12]} 35. Rd3
{[%clk 00:29:40]} {[%emt 00:00:21]} Ncd5 {[%clk 00:30:12]} {[%emt 00:00:18]}
36. Na4 {[%clk 00:29:25]} {[%emt 00:00:45]} Rxg6 {[%clk 00:30:12]} {[%emt
00:00:30]} 37. Nc3 {[%clk 00:29:17]} {[%emt 00:00:40]} Rg3 {[%clk 00:27:24]}
{[%emt 00:03:18]} 38. f4 {[%clk 00:29:07]} {[%emt 00:00:38]} Nxf4 {[%clk
00:23:51]} {[%emt 00:04:04]} 0-1

[Event "DEM U10 2024"]
[Site "Willingen GER"]
[Date "2024.05.22"]
[Round "7"]
[White "Spielmann, Jan"]
[Black "Jüngling, Leonard"]
[Result "1-0"]
[Termination "normal"]
[Board "18"]
[WhiteElo "1725"]
[BlackElo "1446"]
[WhiteClock "01:12:57"]
[BlackClock "00:41:35"]
[PlyCount "61"]
[WhiteFideId "34680039"]
[BlackFideId "34669116"]
[EventCountry "GER"]
[EventRounds "11"]
[EventType "swiss"]
[EventDate "2024.05.18"]

1. e4 {[%clk 01:15:58]} e5 {[%clk 01:15:58]} {[%emt 00:00:03]} 2. Nf3 {[%clk
01:16:24]} {[%emt 00:00:04]} Nc6 {[%clk 01:16:24]} {[%emt 00:00:04]} 3. Bc4
{[%clk 01:16:49]} {[%emt 00:00:05]} Bc5 {[%clk 01:16:49]} {[%emt 00:00:05]} 4.
O-O {[%clk 01:17:15]} {[%emt 00:00:04]} Nf6 {[%clk 01:17:07]} {[%emt 00:00:12]}
5. d4 {[%clk 01:17:40]} {[%emt 00:00:04]} Bxd4 {[%clk 01:17:05]} {[%emt
00:00:33]} 6. Nxd4 {[%clk 01:18:02]} {[%emt 00:00:08]} Nxd4 {[%clk 01:17:25]}
{[%emt 00:00:10]} 7. Bg5 {[%clk 01:18:25]} {[%emt 00:00:06]} d6 {[%clk
01:17:14]} {[%emt 00:00:41]} 8. f4 {[%clk 01:18:31]} {[%emt 00:00:25]} Be6
{[%clk 01:17:06]} {[%emt 00:00:38]} 9. Na3 {[%clk 01:18:49]} {[%emt 00:00:12]}
Qe7 {[%clk 01:15:21]} {[%emt 00:02:15]} 10. c3 {[%clk 01:15:56]} {[%emt
00:03:24]} Nc6 {[%clk 01:15:35]} {[%emt 00:00:16]} 11. f5 {[%clk 01:16:03]}
{[%emt 00:00:22]} Bxc4 {[%clk 01:14:39]} {[%emt 00:01:27]} 12. Nxc4 {[%clk
01:16:24]} {[%emt 00:00:08]} h6 {[%clk 01:08:54]} {[%emt 00:06:15]} 13. Bh4
{[%clk 01:16:37]} {[%emt 00:00:14]} a6 {[%clk 01:04:22]} {[%emt 00:05:05]} 14.
Ne3 {[%clk 01:14:50]} {[%emt 00:02:13]} Qd7 {[%clk 01:00:33]} {[%emt 00:04:22]}
15. Bxf6 {[%clk 01:14:51]} {[%emt 00:00:30]} gxf6 {[%clk 01:00:45]} {[%emt
00:00:18]} 16. Nd5 {[%clk 01:15:13]} {[%emt 00:00:07]} Qd8 {[%clk 00:57:53]}
{[%emt 00:03:23]} 17. Qg4 {[%clk 01:14:46]} {[%emt 00:00:57]} Kf8 {[%clk
00:53:32]} {[%emt 00:04:51]} 18. Rf3 {[%clk 01:13:26]} {[%emt 00:01:50]} Rg8
{[%clk 00:52:17]} {[%emt 00:01:46]} 19. Qh4 {[%clk 01:13:42]} {[%emt 00:00:12]}
Rh8 {[%clk 00:51:03]} {[%emt 00:01:45]} 20. Rg3 {[%clk 01:12:52]} {[%emt
00:01:20]} Ke8 {[%clk 00:47:49]} {[%emt 00:03:45]} 21. Qg4 {[%clk 01:12:09]}
{[%emt 00:01:12]} Kd7 {[%clk 00:47:18]} {[%emt 00:01:01]} 22. Qg7 {[%clk
01:12:22]} {[%emt 00:00:16]} Qf8 {[%clk 00:46:08]} {[%emt 00:01:41]} 23. Qxf6
{[%clk 01:12:12]} {[%emt 00:00:40]} Na7 {[%clk 00:44:14]} {[%emt 00:02:24]} 24.
Rg7 {[%clk 01:12:27]} {[%emt 00:00:11]} Qd8 {[%clk 00:42:34]} {[%emt 00:02:14]}
25. Rxf7+ {[%clk 01:12:46]} {[%emt 00:00:11]} Kc8 {[%clk 00:42:16]} {[%emt
00:00:49]} 26. Qg7 {[%clk 01:12:23]} {[%emt 00:00:51]} Nb5 {[%clk 00:40:30]}
{[%emt 00:02:17]} 27. a4 {[%clk 01:11:53]} {[%emt 00:01:00]} Na7 {[%clk
00:40:50]} {[%emt 00:00:10]} 28. Rxc7+ {[%clk 01:12:16]} {[%emt 00:00:06]} Kb8
{[%clk 00:40:57]} {[%emt 00:00:24]} 29. Rxb7+ {[%clk 01:12:31]} {[%emt
00:00:15]} Kc8 {[%clk 00:41:19]} {[%emt 00:00:08]} 30. Nb6+ {[%clk 01:12:33]}
{[%emt 00:00:28]} Qxb6+ {[%clk 00:41:35]} {[%emt 00:00:14]} 31. Rxb6 {[%clk
01:12:57]} {[%emt 00:00:06]} 1-0